ბათუმის შოთა რუსთაველის სახელმწიფო უნივერსიტეტის ბიბლიოთეკა

მწერების სარკვევი კულტურული მცენარეების დაზიანებათა მიხედვით. (ბიბ.ჩანაწერი № 44344)

000 -LEADER
fixed length control field 01212nam a2200205Ia 4500
001 - CONTROL NUMBER
control field 11105
003 - CONTROL NUMBER IDENTIFIER
control field GE_BSU
008 - FIXED-LENGTH DATA ELEMENTS--GENERAL INFORMATION
fixed length control field 181216s||||||||xx |||||||||||||| ||und||
040 ## - CATALOGING SOURCE
Transcribing agency GE_BSU
080 ## - UNIVERSAL DECIMAL CLASSIFICATION NUMBER
Universal Decimal Classification number 595.7(083.71)+632.7(083.71)
245 ## - TITLE STATEMENT
Title მწერების სარკვევი კულტურული მცენარეების დაზიანებათა მიხედვით.
245 ## - TITLE STATEMENT
Statement of responsibility, etc. შეადგინეს ი.დ.ბათიაშვილმა, გ.ი. ბეი-ბიენკომ, ნ.ნ. ბოგდანოვ-კატკოვმა და სხვ. პროფ.გ.ნ. შჩეგოლევის რედ.ქართული გამოც. ი.დ.ბათიაშვილის რედ.
260 ## - PUBLICATION, DISTRIBUTION, ETC.
Place of publication, distribution, etc. თბილისი.
260 ## - PUBLICATION, DISTRIBUTION, ETC.
Name of publisher, distributor, etc. საქ. სას.-სამ. ინ-ტის გამ-ბა.
260 ## - PUBLICATION, DISTRIBUTION, ETC.
Date of publication, distribution, etc. 1957.
300 ## - PHYSICAL DESCRIPTION
Extent 424გვ;22სმ.
300 ## - PHYSICAL DESCRIPTION
Accompanying material ილ;საძიებელი გვ.411.
653 ## - INDEX TERM--UNCONTROLLED
Uncontrolled term მწერების სარკვევი კულტურული მცენარეების დაზიანებათა მიხედვით.
942 ## - ADDED ENTRY ELEMENTS (KOHA)
Koha item type წიგნი
ეგზემპლარები
Withdrawn status Lost status Damaged status Not for loan Date acquired Barcode Date last seen Price effective from Koha item type
        2018-12-17 19328 2018-12-17 2018-12-17 წიგნი
        2018-12-17 19329 2018-12-17 2018-12-17 წიგნი